000 00570nam a2200205Ia 4500
005 20250923150103.0
008 008 250917s9999 xx 000 0 eng d
037 _aTextual
040 _aDSWL
_beng
_cDSWL
041 _aeng
_2eng
084 _aW:5x1, PO1
_qDSWL
245 0 _aHuman rights and global diversity
_c by Simon Caney
260 _aLondon
_bFrank Cass Publication
_c2001
300 _a173p.
365 _aINR
_b1181.4
700 _a Peter Jones
_9842072
925 _g1181.4
942 _cTEXL
_hW:5x1, PO1
999 _c1459396
_d1459396